[Event "Titled Tuesday intern op 12th Mar Late"]
[Site "Chess.com INT"]
[Date "2024.03.12"]
[Round "9"]
[White "Kurniawan, Muhamad Agus"]
[Black "Helmer, Jan"]
[Result "1-0"]
[WhiteElo "2295"]
[BlackElo "2206"]
[PlyCount "95"]
[EventDate "2024.03.12"]
[EventType "swiss (blitz)"]
[EventRounds "11"]
[EventCountry "USA"]
[SourceTitle "CB12_2024"]
[SourceDate "2023.10.01"]
[SourceVersion "1"]
[SourceVersionDate "2023.10.01"]
[SourceQuality "1"]

1. e4 c5 2. Nf3 d6 3. d4 cxd4 4. Nxd4 Nf6 5. Nc3 g6 6. Be3 Bg7 7. f3 0-0 8. Qd2 Nc6 9. g4 Be6 10. Nxe6 fxe6 11. 0-0-0 Ne5 12. Be2 Nfd7 13. Nb5 Nxf3 14. Bxf3 Rxf3 15. Nd4 Bxd4 16. Bxd4 Qa5 17. Kb1 Qxd2 18. Rxd2 Raf8 19. a4 Rf1+ 20. Rxf1 Rxf1+ 21. Ka2 Rf4 22. e5 d5 23. h3 a6 24. Kb3 Rf3+ 25. Kb4 Rxh3 26. c4 Nb8 27. cxd5 exd5 28. Kc5 e6 29. Kd6 Nc6 30. Kxe6 Rg3 31. Bc5 Rxg4 32. Kxd5 Rg5 33. Re2 h5 34. Kd6 Kf7 35. e6+ Ke8 36. Ba3 Ne7 37. Kc7 b5 38. a5 Rd5 39. Rf2 Nf5 40. Kb7 Re5 41. Kxa6 h4 42. Kb7 Rxe6 43. a6 Rxa6 44. Kxa6 Kf7 45. Kxb5 Ke6 46. Kc4 g5 47. Bc5 g4 48. Rf4 1-0

[Event "Titled Tuesday intern op 12th Mar Late"]
[Site "Chess.com INT"]
[Date "2024.03.12"]
[Round "6"]
[White "Kurniawan, Muhamad Agus"]
[Black "Novikova, Margarita"]
[Result "1-0"]
[WhiteElo "2295"]
[BlackElo "1999"]
[PlyCount "125"]
[EventDate "2024.03.12"]
[EventType "swiss (blitz)"]
[EventRounds "11"]
[EventCountry "USA"]
[SourceTitle "CB12_2024"]
[SourceDate "2023.10.01"]
[SourceVersion "1"]
[SourceVersionDate "2023.10.01"]
[SourceQuality "1"]

1. e4 d5 2. exd5 Qxd5 3. Nc3 Qd6 4. d4 Nf6 5. Nb5 Qd8 6. Na3 e5 7. dxe5 Qxd1+ 8. Kxd1 Ng4 9. Ke1 Bc5 10. Nh3 Nxe5 11. Nb5 Na6 12. Bf4 0-0 13. Bxe5 Re8 14. f4 f6 15. Bc4+ Be6 16. Bxe6+ Rxe6 17. Kd2 fxe5 18. fxe5 Rxe5 19. Rae1 Rd8+ 20. Kc1 Rde8 21. Rxe5 Rxe5 22. Nc3 c6 23. Kd2 Nb4 24. a3 Nd5 25. Nxd5 Rxd5+ 26. Ke2 Bd4 27. c3 Be5 28. Nf2 Bf4 29. Kf3 Bg5 30. h4 Be7 31. Ke2 Bc5 32. Ne4 Re5 33. Kd3 Be7 34. g3 g6 35. Ke3 Kg7 36. Rd1 Bc5+ 37. Kf3 Rf5+ 38. Kg2 Bf8 39. Ng5 Re5 40. Rd7+ Re7 41. Ne6+ Kf7 42. Nd8+ Ke8 43. Rxe7+ Bxe7 44. Nxb7 Kd7 45. Na5 Bc5 46. Kf3 Kd6 47. Nb3 Bg1 48. g4 Kd5 49. Nd2 Bb6 50. a4 a5 51. Kf4 Bc7+ 52. Kf3 Bd8 53. h5 gxh5 54. gxh5 Bg5 55. Ke2 Ke5 56. Nf3+ Kf5 57. Nxg5 Kxg5 58. b4 Kxh5 59. bxa5 Kg4 60. a6 h5 61. a7 Kg3 62. a8Q h4 63. Qxc6 1-0

[Event "Titled Tuesday intern op 12th Mar Late"]
[Site "Chess.com INT"]
[Date "2024.03.12"]
[Round "10"]
[White "Trakru, Rohun"]
[Black "Kurniawan, Muhamad Agus"]
[Result "1-0"]
[WhiteElo "1969"]
[BlackElo "2295"]
[PlyCount "135"]
[EventDate "2024.03.12"]
[EventType "swiss (blitz)"]
[EventRounds "11"]
[EventCountry "USA"]
[SourceTitle "CB12_2024"]
[SourceDate "2023.10.01"]
[SourceVersion "1"]
[SourceVersionDate "2023.10.01"]
[SourceQuality "1"]

1. e4 c5 2. Nc3 g6 3. d4 cxd4 4. Qxd4 Nf6 5. Be3 Nc6 6. Qd2 Ng4 7. Bf4 Bg7 8. f3 Nge5 9. 0-0-0 d6 10. h4 h5 11. Nge2 Be6 12. Kb1 Nc4 13. Qc1 Qb6 14. b3 Rc8 15. Na4 Qb4 16. c3 Na3+ 17. Kb2 Na5 18. Nd4 N3c4+ 19. Ka1 Qa3 20. Bxc4 Nxc4 21. Qxa3 Nxa3 22. Kb2 Bxd4 23. cxd4 Nb5 24. Be3 d5 25. Rc1 0-0 26. Nc5 b6 27. Nxe6 fxe6 28. e5 a6 29. a4 Na7 30. b4 Nc6 31. Kb3 a5 32. b5 Nb4 33. Bg5 Kf7 34. Rhf1 Nd3 35. Rcd1 Nb4 36. Rc1 Rfe8 37. Bd2 Nd3 38. Rcd1 Rc4 39. Bc3 Nf4 40. g3 Ng2 41. Rf2 Ne3 42. Rd3 Rxc3+ 43. Rxc3 Nc4 44. Rfc2 Rd8 45. Rxc4 dxc4+ 46. Rxc4 Ke8 47. f4 Kd7 48. Kc3 Rb8 49. Rc6 Rf8 50. Kc4 Rg8 51. Rxb6 Rc8+ 52. Kd3 Rc1 53. Rb7+ Ke8 54. b6 Rb1 55. Rb8+ Kf7 56. b7 Rb4 57. Kc3 Kg7 58. Kd3 Kf7 59. Ke2 Kg7 60. Kf2 Kf7 61. g4 Kg7 62. gxh5 gxh5 63. Kf3 Kf7 64. Ke4 Kg7 65. f5 exf5+ 66. Kxf5 Kf7 67. d5 Kg7 68. Ke6 1-0

[Event "Johor op-A 7th"]
[Site "Johor"]
[Date "2022.12.30"]
[Round "7"]
[White "Mahmood Shah, Mukhriez Shah"]
[Black "Kurniawan, Muhamad Agus"]
[Result "0-1"]
[WhiteElo "1905"]
[BlackElo "2357"]
[PlyCount "76"]
[EventDate "2022.12.26"]
[EventType "swiss"]
[EventRounds "9"]
[EventCountry "MAS"]
[SourceTitle "CBM 212 Extra"]
[Source "ChessBase"]
[SourceDate "2023.03.31"]
[SourceVersion "1"]
[SourceVersionDate "2023.03.31"]
[SourceQuality "1"]

1. e4 c6 2. d4 d6 3. Nc3 Nf6 4. f4 d5 5. e5 Ng8 6. Be3 Nh6 7. Be2 g6 8. g4 b5 9. h4 Qd7 10. g5 Nf5 11. Bf2 h5 12. a4 b4 13. Na2 a5 14. Nc1 Na6 15. Nb3 Nc7 16. Nc5 Qd8 17. Nf3 Ne6 18. Nxe6 Bxe6 19. Nd2 Ng7 20. Nb3 Bf5 21. Qd2 Be4 22. Rg1 Nf5 23. 0-0-0 e6 24. Rdf1 Qd7 25. Re1 Be7 26. Ref1 Kf8 27. Re1 Kg7 28. Ref1 Rhb8 29. Nc5 Bxc5 30. dxc5 d4 31. Bc4 b3 32. c3 Bc2 33. Re1 Rd8 34. cxd4 Nxd4 35. Rg3 Rab8 36. Qxa5 Nf3 37. Be2 Nxe1 38. Qxe1 Ra8 0-1

[Event "Penang op-A 14th"]
[Site "Penang"]
[Date "2022.12.20"]
[Round "3"]
[White "Kurniawan, Muhamad Agus"]
[Black "Hemanth, Raam"]
[Result "0-1"]
[WhiteElo "2357"]
[BlackElo "1944"]
[PlyCount "140"]
[EventDate "2022.12.19"]
[EventType "swiss"]
[EventRounds "9"]
[EventCountry "MAS"]
[SourceTitle "CBM 211 Extra"]
[Source "ChessBase"]
[SourceDate "2023.01.31"]
[SourceVersion "1"]
[SourceVersionDate "2023.01.31"]
[SourceQuality "1"]

1. d4 d5 2. Nf3 c5 3. c3 cxd4 4. cxd4 Nf6 5. Nc3 g6 6. Bg5 Bg7 7. Qb3 e6 8. e3 0-0 9. Be2 b6 10. Rc1 Bb7 11. Nb5 Nc6 12. Ne5 Na5 13. Qa3 Nc4 14. Bxc4 dxc4 15. Nd6 h6 16. Bxf6 Bxf6 17. Nxb7 Qd5 18. 0-0 Bxe5 19. dxe5 Qxb7 20. Rxc4 Rac8 21. Rd4 Rc5 22. Rfd1 a5 23. f4 Rc2 24. R1d2 Rxd2 25. Rxd2 Rc8 26. h3 h5 27. Kh2 Qe4 28. Qb3 b5 29. Rd4 Qb7 30. Qd3 b4 31. Rd8+ Kg7 32. Rd7 Rc7 33. Rd8 Rc8 34. Rd6 Rc1 35. Rd8 Rc8 36. Rxc8 Qxc8 37. a3 Qc1 38. axb4 axb4 39. Qe2 b3 40. Kg3 Qc2 41. Kf3 h4 42. e4 Qc1 43. g3 Qh1+ 44. Kg4 hxg3 45. Kxg3 Qg1+ 46. Kf3 Qh1+ 47. Qg2 Qd1+ 48. Ke3 Qc1+ 49. Qd2 Qh1 50. Kd4 Qxh3 51. Qc3 Qh2 52. Qxb3 Qf2+ 53. Qe3 Qf1 54. Kc5 Qa6 55. Qc3 g5 56. b4 g4 57. Kd4 Qa7+ 58. Qc5 Qa1+ 59. Ke3 Qf1 60. Qe7 Qf3+ 61. Kd4 g3 62. Qg5+ Kh7 63. Qh4+ Kg6 64. Qh8 g2 65. Qg8+ Kh5 66. Qh7+ Kg4 67. Qg7+ Kh4 68. Qh6+ Kg3 69. Qg5+ Kh2 70. Qh4+ Qh3 0-1

[Event "Asia Nations online Cup"]
[Site "Chess.com INT"]
[Date "2020.10.18"]
[Round "7.5"]
[White "Kurniawan, Muhamad Agus"]
[Black "Bhandari, Kshitiz"]
[Result "1-0"]
[WhiteElo "2328"]
[BlackElo "1984"]
[PlyCount "95"]
[EventDate "2020.10.10"]
[EventType "team-swiss (rapid)"]
[EventRounds "9"]
[EventCountry "IND"]
[SourceTitle "CBM 198 Extra"]
[Source "ChessBase"]
[SourceDate "2020.11.30"]
[SourceVersion "1"]
[SourceVersionDate "2020.11.30"]
[SourceQuality "1"]
[WhiteTeam "Indonesia"]
[BlackTeam "Nepal"]
[WhiteTeamCountry "INA"]
[BlackTeamCountry "NEP"]

1. e4 e5 2. Nf3 Nc6 3. Bb5 a6 4. Ba4 Nf6 5. 0-0 Be7 6. Re1 b5 7. Bb3 d6 8. c3 0-0 9. h3 Bb7 10. d4 h6 11. Nbd2 Re8 12. a3 Bf8 13. Bc2 Nb8 14. b3 Nbd7 15. Bb2 c5 16. d5 g6 17. c4 b4 18. Nh2 Bg7 19. Ndf1 Nh5 20. Ng3 Nf4 21. Ne2 a5 22. Qd2 Nxe2+ 23. Qxe2 Nf6 24. Bc1 Qe7 25. Nf1 Nh5 26. Ng3 Nf4 27. Qf3 Qf6 28. Ne2 Bc8 29. Kh2 Bd7 30. Nxf4 exf4 31. Ra2 g5 32. Bb2 Qe7 33. Bxg7 Kxg7 34. axb4 axb4 35. Rxa8 Rxa8 36. e5 dxe5 37. d6 Qe8 38. Qd5 Be6 39. Qxe5+ f6 40. Qxe6 Qxe6 41. Rxe6 Rd8 42. Bf5 h5 43. Re7+ Kf8 44. Rd7 Rxd7 45. Bxd7 h4 46. Kg1 Kf7 47. Kf1 Kf8 48. Ke2 1-0

[Event "Asia Nations online Cup"]
[Site "Chess.com INT"]
[Date "2020.10.16"]
[Round "4.3"]
[White "Sasikiran, Krishnan"]
[Black "Kurniawan, Muhamad Agus"]
[Result "1-0"]
[WhiteElo "2647"]
[BlackElo "2328"]
[PlyCount "109"]
[EventDate "2020.10.10"]
[EventType "team-swiss (rapid)"]
[EventRounds "9"]
[EventCountry "IND"]
[SourceTitle "CBM 198 Extra"]
[Source "ChessBase"]
[SourceDate "2020.11.30"]
[SourceVersion "1"]
[SourceVersionDate "2020.11.30"]
[SourceQuality "1"]
[WhiteTeam "India"]
[BlackTeam "Indonesia"]
[WhiteTeamCountry "IND"]
[BlackTeamCountry "INA"]

1. e4 e5 2. Nf3 Nc6 3. Bb5 a6 4. Ba4 Nf6 5. 0-0 Be7 6. Re1 b5 7. Bb3 0-0 8. c3 d6 9. h3 Nb8 10. d4 Nbd7 11. Nbd2 Bb7 12. Bc2 Re8 13. Nf1 Bf8 14. Ng3 g6 15. b3 Bg7 16. d5 Nc5 17. Be3 c6 18. c4 cxd5 19. cxd5 a5 20. Qd2 b4 21. Bxc5 dxc5 22. Bd3 Re7 23. Rac1 Rc8 24. Rc2 Ne8 25. Rec1 Qb6 26. Qe3 Rec7 27. Nf1 Nd6 28. N1d2 f6 29. h4 Nf7 30. Nc4 Qa7 31. Nh2 Ba6 32. Qh3 Bxc4 33. Bxc4 Qb6 34. h5 Qd6 35. Ng4 Ng5 36. Qd3 Rd8 37. Re2 Bf8 38. hxg6 hxg6 39. f4 Nf7 40. f5 g5 41. Qh3 Bg7 42. Qh5 Ra8 43. Kf2 a4 44. Rh1 axb3 45. axb3 Rca7 46. Qg6 Kf8 47. Rh7 Nh8 48. Qh5 Nf7 49. Re1 Ra2+ 50. Kf3 Rc2 51. Qg6 Rc3+ 52. Re3 Rxe3+ 53. Kxe3 Ke7 54. Rxg7 Rf8 55. Nh6 1-0

[Event "Asia Nations online Cup"]
[Site "Chess.com INT"]
[Date "2020.10.10"]
[Round "1.8"]
[White "Kurniawan, Muhamad Agus"]
[Black "Sulaiman, Ahmad Ashrafi"]
[Result "1-0"]
[WhiteElo "2328"]
[BlackElo "1953"]
[PlyCount "65"]
[EventDate "2020.10.10"]
[EventType "team-swiss (rapid)"]
[EventRounds "9"]
[EventCountry "IND"]
[SourceTitle "CBM 198 Extra"]
[Source "ChessBase"]
[SourceDate "2020.11.30"]
[SourceVersion "1"]
[SourceVersionDate "2020.11.30"]
[SourceQuality "1"]
[WhiteTeam "Indonesia"]
[BlackTeam "Afghanistan"]
[WhiteTeamCountry "INA"]
[BlackTeamCountry "AFG"]

1. e4 c6 2. d4 d5 3. exd5 cxd5 4. Bd3 Nc6 5. c3 Nf6 6. Bf4 a6 7. h3 e6 8. Nf3 Bd6 9. Bxd6 Qxd6 10. 0-0 0-0 11. Re1 b5 12. a3 Bb7 13. Nbd2 Nd7 14. Qe2 Rfe8 15. Ne5 Ncxe5 16. dxe5 Qe7 17. Nf3 Rec8 18. Nd4 Nf8 19. f4 g6 20. Qg4 Kh8 21. h4 h5 22. Qh3 Re8 23. g4 hxg4 24. Qxg4 f5 25. Qg3 Qd7 26. Kf2 Re7 27. Rh1 Rh7 28. Rag1 Qf7 29. h5 gxh5 30. Be2 Re8 31. Bxh5 Rxh5 32. Rxh5+ Nh7 33. Rgh1 1-0

[Event "Titled Tuesday intern op 21st April"]
[Site "Chess.com INT"]
[Date "2020.04.21"]
[Round "7"]
[White "Grigoriants, Sergey"]
[Black "Kurniawan, Muhamad Agus"]
[Result "1/2-1/2"]
[WhiteElo "2542"]
[BlackElo "2328"]
[PlyCount "73"]
[EventDate "2020.04.21"]
[EventType "swiss (blitz)"]
[EventRounds "10"]
[EventCountry "USA"]
[SourceTitle "EXT 2021"]
[Source "ChessBase"]
[SourceDate "2020.10.23"]
[SourceVersion "1"]
[SourceVersionDate "2020.10.23"]
[SourceQuality "1"]

1. e4 c5 2. Nf3 d6 3. d4 cxd4 4. Nxd4 Nf6 5. Nc3 a6 6. Be3 Nc6 7. f3 e6 8. Qd2 Bd7 9. g4 h6 10. 0-0-0 Qc7 11. h4 b5 12. Nxc6 Bxc6 13. Ne2 Nd7 14. Nd4 Bb7 15. Kb1 Nb6 16. Qa5 Rc8 17. Rh2 d5 18. Rhd2 Nc4 19. Qxc7 Nxd2+ 20. Rxd2 Rxc7 21. e5 h5 22. g5 g6 23. f4 Bc5 24. a3 Ke7 25. b4 Bxd4 26. Bxd4 Rhc8 27. Kb2 Rc4 28. Bxc4 Rxc4 29. c3 Bc6 30. Rd1 Bb7 31. Ra1 Bc6 32. Kc2 Kd7 33. Kd3 Kc7 34. Ke3 Kd7 35. Kd3 Kc7 36. Ke3 Kd7 37. Kd3 1/2-1/2

[Event "Titled Tuesday intern op 3rd March"]
[Site "Chess.com INT"]
[Date "2020.03.03"]
[Round "4"]
[White "Kurniawan, Muhamad Agus"]
[Black "Kashefi, Amir Hossein"]
[Result "1-0"]
[WhiteElo "2328"]
[BlackElo "2234"]
[PlyCount "95"]
[EventDate "2020.03.03"]
[EventType "swiss (blitz)"]
[EventRounds "10"]
[EventCountry "USA"]
[SourceTitle "EXT 2021"]
[Source "ChessBase"]
[SourceDate "2020.10.23"]
[SourceVersion "1"]
[SourceVersionDate "2020.10.23"]
[SourceQuality "1"]

1. d4 d5 2. Nf3 Nf6 3. g3 b5 4. Bg2 e6 5. 0-0 Bb7 6. c3 Nbd7 7. a4 b4 8. Qc2 a5 9. cxb4 Bxb4 10. Bf4 c5 11. Nc3 Ba6 12. Nb5 Bxb5 13. axb5 c4 14. Nd2 0-0 15. e4 Bxd2 16. Bxd2 Nxe4 17. Bxe4 dxe4 18. Qxe4 Nf6 19. Qc6 Qd5 20. Rxa5 Rxa5 21. Bxa5 Qxd4 22. Bc3 Qd5 23. Bxf6 gxf6 24. Rc1 Ra8 25. Qxc4 Qxc4 26. Rxc4 Rb8 27. Rb4 Kf8 28. b6 Rb7 29. Kg2 Ke7 30. Kh3 Kd6 31. Kh4 Kc5 32. Rb3 Kc4 33. Rc3+ Kd5 34. Rb3 Kc4 35. Rf3 f5 36. Rc3+ Kd5 37. Rc7 Rxb6 38. Rxf7 Rxb2 39. Kg5 Rxf2 40. Rxh7 e5 41. h4 e4 42. h5 Ke6 43. Rh8 Kf7 44. h6 e3 45. Rh7+ Kg8 46. Re7 Rf3 47. h7+ Kf8 48. Kf6 1-0

[Event "Penang op 10th"]
[Site "Penang"]
[Date "2018.12.07"]
[Round "7"]
[White "Senador, Emmanuel"]
[Black "Kurniawan, Muhamad Agus"]
[Result "0-1"]
[WhiteElo "2322"]
[BlackElo "2258"]
[PlyCount "146"]
[EventDate "2018.12.03"]
[EventType "swiss"]
[EventRounds "9"]
[EventCountry "MAS"]
[SourceTitle "CBM 187 Extra"]
[Source "ChessBase"]
[SourceDate "2018.11.04"]
[SourceVersion "1"]
[SourceVersionDate "2018.11.04"]
[SourceQuality "1"]

1. e4 e5 2. Nf3 Nf6 3. Nxe5 d6 4. Nf3 Nxe4 5. Qe2 Qe7 6. d3 Nf6 7. Bg5 Qxe2+ 8. Bxe2 Be7 9. Nc3 c6 10. 0-0-0 h6 11. Bf4 d5 12. Rhe1 0-0 13. h3 Bc5 14. d4 Bb4 15. Bd3 Be6 16. Re3 Bxc3 17. bxc3 Nbd7 18. Be5 Ne4 19. Bxe4 dxe4 20. Rxe4 Bxa2 21. Bd6 Rfe8 22. Rde1 Rxe4 23. Rxe4 Be6 24. Nd2 b5 25. g4 a5 26. f4 a4 27. f5 Bd5 28. Re7 Nf6 29. Ba3 Re8 30. Rxe8+ Nxe8 31. h4 Nf6 32. g5 hxg5 33. hxg5 Nh7 34. Be7 g6 35. Nf1 gxf5 36. Ng3 Kg7 37. Nh5+ Kg8 38. Kd2 Bf3 39. Nf4 Nf8 40. c4 bxc4 41. Ke3 Be4 42. c3 Nd7 43. Kd2 Kh7 44. Ke3 Kh8 45. Kd2 Kg8 46. Ke3 Kh7 47. Kd2 Nb8 48. Bd6 Nd7 49. Be7 Bh1 50. Ke3 Nb6 51. Kd2 Be4 52. Bc5 Na8 53. Bd6 Bh1 54. Kc1 Bd5 55. Kd2 Be4 56. Kc1 Kg8 57. Kd2 f6 58. g6 Kg7 59. Kc1 Nb6 60. Kd2 Nd5 61. Nxd5 cxd5 62. Ke3 Kxg6 63. Kf4 Kh6 64. Kg3 Kh5 65. Ba3 f4+ 66. Kxf4 Kh4 67. Bd6 Kh3 68. Ke3 Kg2 69. Ba3 Kf1 70. Kd2 f5 71. Bd6 Kf2 72. Ba3 f4 73. Bd6 f3 0-1

[Event "Penang op 10th"]
[Site "Penang"]
[Date "2018.12.05"]
[Round "5"]
[White "Novita, Anjas"]
[Black "Kurniawan, Muhamad Agus"]
[Result "1/2-1/2"]
[WhiteElo "2379"]
[BlackElo "2258"]
[PlyCount "126"]
[EventDate "2018.12.03"]
[EventType "swiss"]
[EventRounds "9"]
[EventCountry "MAS"]
[SourceTitle "CBM 187 Extra"]
[Source "ChessBase"]
[SourceDate "2018.11.04"]
[SourceVersion "1"]
[SourceVersionDate "2018.11.04"]
[SourceQuality "1"]

1. e4 e5 2. Nf3 Nf6 3. Nxe5 d6 4. Nf3 Nxe4 5. Nc3 Nf6 6. d4 Be7 7. Bd3 0-0 8. Ne2 b6 9. Ng3 Re8 10. 0-0 Bb7 11. c3 Bf8 12. Bb5 Nbd7 13. Bg5 c6 14. Ba4 h6 15. Be3 b5 16. Bc2 c5 17. a4 a6 18. h3 c4 19. Nh4 Nd5 20. Nhf5 Nxe3 21. Nxe3 Nf6 22. Re1 g6 23. b3 Qc7 24. bxc4 bxc4 25. a5 h5 26. Ra4 Nd5 27. Nxd5 Bxd5 28. Be4 Qc6 29. Bxd5 Qxd5 30. Ra1 Rab8 31. Re2 Rxe2 32. Qxe2 Qe6 33. Qf3 d5 34. Ne2 Bh6 35. Nf4 Bxf4 36. Qxf4 Rb2 37. Qc7 Kg7 38. Qg3 Qf6 39. h4 Qe6 40. Kh2 Qg4 41. Qe5+ Kh7 42. Qf6 Qf5 43. Qxf5 gxf5 44. Kg3 Kg6 45. f3 f6 46. Kf4 Rc2 47. Ra3 Rb2 48. Ra1 Rc2 49. Ra3 Rxg2 50. Ra1 Rc2 51. Ra3 Rd2 52. Ra1 Rc2 53. Ra3 Rc1 54. Kg3 Rb1 55. Ra2 Rc1 56. Ra3 Kf7 57. Kf4 Ke6 58. Kg3 Rc2 59. Kf4 Rd2 60. Ra1 Rd3 61. Re1+ Kf7 62. Re3 Rxe3 63. Kxe3 Ke7 1/2-1/2

[Event "Penang op 10th"]
[Site "Penang"]
[Date "2018.12.04"]
[Round "2"]
[White "Kurniawan, Muhamad Agus"]
[Black "Cheah, Eric"]
[Result "1-0"]
[WhiteElo "2258"]
[BlackElo "1971"]
[PlyCount "99"]
[EventDate "2018.12.03"]
[EventType "swiss"]
[EventRounds "9"]
[EventCountry "MAS"]
[SourceTitle "CBM 187 Extra"]
[Source "ChessBase"]
[SourceDate "2018.11.04"]
[SourceVersion "1"]
[SourceVersionDate "2018.11.04"]
[SourceQuality "1"]

1. e4 c5 2. Nf3 e6 3. d4 cxd4 4. Nxd4 a6 5. Bd3 Bc5 6. Nb3 Ba7 7. Qe2 Nc6 8. Be3 Bxe3 9. Qxe3 Nf6 10. Nc3 d6 11. 0-0-0 0-0 12. f4 Qc7 13. Qh3 Nb4 14. a3 Nxd3+ 15. Qxd3 d5 16. e5 Nd7 17. Rhf1 b5 18. Rf3 Rb8 19. Rh3 g6 20. Qg3 f5 21. Qh4 Rf7 22. Nxd5 exd5 23. e6 Rg7 24. Rc3 Qb6 25. exd7 Bxd7 26. Nc5 Re8 27. Rxd5 Bc8 28. Re5 Rf8 29. b4 g5 30. fxg5 f4 31. Qe1 Bf5 32. Rxf5 Rxf5 33. Qe8+ Rf8 34. Qe6+ Qxe6 35. Nxe6 Re8 36. Nxg7 Kxg7 37. Kd2 Re6 38. Rf3 Kg6 39. Rxf4 Kxg5 40. g3 h5 41. c4 bxc4 42. Rxc4 Rf6 43. Ke3 Re6+ 44. Kf3 Kf5 45. Rc5+ Kg6 46. a4 Rf6+ 47. Kg2 h4 48. b5 axb5 49. Rxb5 hxg3 50. hxg3 1-0

[Event "Penang op 10th"]
[Site "Penang"]
[Date "2018.12.03"]
[Round "1"]
[White "Wong, Zhenyong Jayden"]
[Black "Kurniawan, Muhamad Agus"]
[Result "0-1"]
[WhiteElo "1830"]
[BlackElo "2258"]
[PlyCount "72"]
[EventDate "2018.12.03"]
[EventType "swiss"]
[EventRounds "9"]
[EventCountry "MAS"]
[SourceTitle "CBM 187 Extra"]
[Source "ChessBase"]
[SourceDate "2018.11.04"]
[SourceVersion "1"]
[SourceVersionDate "2018.11.04"]
[SourceQuality "1"]

1. e4 Nf6 2. e5 Nd5 3. d4 d6 4. Nf3 Bg4 5. Bc4 e6 6. h3 Bh5 7. Qe2 Nb6 8. Bd3 Nc6 9. Bb5 a6 10. Bxc6+ bxc6 11. 0-0 Be7 12. b3 0-0 13. c4 a5 14. a4 Nd7 15. Nbd2 Rb8 16. Bb2 dxe5 17. dxe5 Nc5 18. Rfd1 Qd3 19. Qxd3 Nxd3 20. Bc3 Bb4 21. Bxb4 Rxb4 22. g4 Bg6 23. Nd4 Nxe5 24. f4 c5 25. Nxe6 fxe6 26. fxe5 Bc2 27. Rdc1 Bxb3 28. Ra3 Bxa4 29. Rca1 Rd8 30. Rxa4 Rxd2 31. Rxa5 Rxc4 32. Ra8+ Kf7 33. Rc8 Rc3 34. Rxc7+ Kg6 35. Rc6 Rg3+ 36. Kf1 Rxh3 0-1

[Event "Olympiad-43"]
[Site "Batumi"]
[Date "2018.10.03"]
[Round "9.4"]
[White "Kurniawan, Muhamad Agus"]
[Black "Quesada Perez, Yasser"]
[Result "0-1"]
[WhiteElo "2239"]
[BlackElo "2523"]
[PlyCount "106"]
[EventDate "2018.09.24"]
[EventType "team-swiss"]
[EventRounds "11"]
[EventCountry "GEO"]
[SourceTitle "CBM 187"]
[Source "ChessBase"]
[SourceDate "2018.12.11"]
[SourceVersion "1"]
[SourceVersionDate "2018.12.11"]
[SourceQuality "1"]
[WhiteTeam "Indonesia"]
[BlackTeam "Cuba"]
[WhiteTeamCountry "INA"]
[BlackTeamCountry "CUB"]

1. e4 c5 2. Nf3 Nc6 3. d4 cxd4 4. Nxd4 Qb6 5. Nb3 Nf6 6. Nc3 e6 7. Qe2 Bb4 8. Bd2 0-0 9. a3 Bxc3 10. Bxc3 e5 11. 0-0-0 a5 12. Rd3 Rd8 13. f4 d5 14. fxe5 Nxe4 15. Bd4 Nxd4 16. Nxd4 Qc7 17. g3 b6 18. Qe3 Bb7 19. e6 Re8 20. Bh3 Nc5 21. Rc3 fxe6 22. Re1 e5 23. Ne6 Qf7 24. Qxe5 d4 25. Rxc5 bxc5 26. Rf1 Qg6 27. Qc7 Bd5 28. Nf4 Qc6 29. Be6+ Rxe6 30. Nxd5 Qe8 31. b3 Rd8 32. Nf4 Re1+ 33. Rxe1 Qxe1+ 34. Kb2 Qc3+ 35. Kb1 Re8 36. Nd3 Rf8 37. Qe5 Rf1+ 38. Nc1 g6 39. Qe8+ Kg7 40. Qe7+ Rf7 41. Qe5+ Kh6 42. Qe6 Rf2 43. Qh3+ Kg7 44. Qd7+ Rf7 45. Qd5 a4 46. Qe5+ Kh6 47. h4 Qe3 48. Qxc5 Rf1 49. Qg5+ Qxg5 50. hxg5+ Kxg5 51. bxa4 Kg4 52. Kb2 h5 53. Ne2 d3 0-1

[Event "Penang op 7th"]
[Site "Penang"]
[Date "2015.12.12"]
[Round "9"]
[White "Kurniawan, Muhamad Agus"]
[Black "Chan, Marcus"]
[Result "1-0"]
[WhiteElo "2062"]
[BlackElo "2179"]
[PlyCount "58"]
[EventDate "2015.12.07"]
[EventType "swiss"]
[EventRounds "9"]
[EventCountry "MAS"]
[SourceTitle "CBM 169 Extra"]
[Source "ChessBase"]
[SourceDate "2015.12.18"]
[SourceVersion "1"]
[SourceVersionDate "2015.12.18"]
[SourceQuality "1"]

1. e4 c5 2. Nf3 g6 3. d4 cxd4 4. Qxd4 Nf6 5. e5 Nc6 6. Qa4 Nd5 7. Qe4 Nc7 8. Nc3 Bg7 9. Bf4 0-0 10. 0-0-0 b5 11. h4 b4 12. Nd5 Nxd5 13. Rxd5 Bb7 14. h5 Na5 15. Qd3 Bxd5 16. Qxd5 Rc8 17. hxg6 hxg6 18. Bd3 e6 19. Qe4 b3 20. Bg5 bxa2 21. Kd2 a1Q 22. Rxa1 Qc7 23. Ke2 Nc4 24. Bf6 Bxf6 25. exf6 Nxb2 26. Rh1 Nxd3 27. cxd3 Qc2+ 28. Nd2 Qb2 29. Qf4 Rc2 1-0